Statistiken für Serien erraten mit Bildern - Teil 8

Klicken Sie hier um das Quiz zu spielen!

Allgemein

  • Dieses Quiz wurde 252 mal gespielt
  • Das Durchschnittsergebnis liegt bei 5 aus 16

Antwortstatistiken

Antwort% Korrekt
WandaVision
58%
Charmed
48%
Under the Dome
44%
Bridgerton
43%
CSI:NY
43%
Xena
39%
Unsere kleine Farm
38%
Morning Show
32%
O.C., California
32%
24
27%
Dawson's Creek
25%
21 Jump Street
21%
Ugly Betty
21%
Liebling, ich habe die Kinder geschrumpft
14%
Schitt's Creek
9%
Mary Tyler Moore
2%

Verteilung der Resultate

Perzentil nach korrekt beantworteten Fragen

Anzahl Personen mit jedem Resultat

Ihre Resultats-Entwicklung

Sie haben dieses Quiz noch nicht gespielt